[Event "ARG-chT (Women)"]
[Site "Villa Martelli"]
[Date "2015.05.30"]
[Round "1.1"]
[White "Plazaola, Maria de los Angele"]
[Black "Arias, Maria Paula"]
[Result "1-0"]
[WhiteElo "2136"]
[BlackElo "1657"]
[PlyCount "81"]
[EventDate "2015.05.30"]
[EventType "team-swiss"]
[EventRounds "7"]
[EventCountry "ARG"]
[SourceTitle "EXT 2016"]
[Source "ChessBase"]
[SourceDate "2015.10.08"]
[SourceVersion "1"]
[SourceVersionDate "2015.10.08"]
[SourceQuality "1"]
[WhiteTeam "Untref Ulp (W)"]
[BlackTeam "Mar del Plata (W)"]
[WhiteTeamCountry "ARG"]
[BlackTeamCountry "ARG"]

1. e4 e6 2. d4 d5 3. Nc3 Bb4 4. exd5 exd5 5. Bd3 Nf6 6. Nge2 Be6 7. 0-0 Bd6 8. Bf4 0-0 9. Bg3 c6 10. Nf4 Bxf4 11. Bxf4 Nbd7 12. Re1 Re8 13. h3 Rc8 14. Qd2 a6 15. a4 c5 16. Rad1 c4 17. Be2 Qb6 18. Qc1 Qc6 19. Bf3 b5 20. axb5 axb5 21. Na2 Qb6 22. c3 Nb8 23. Be5 Nbd7 24. Nb4 Qb7 25. Qf4 Ra8 26. g4 Red8 27. Bc7 Rdc8 28. Bd6 Ne8 29. Re3 Nxd6 30. Qxd6 Nb6 31. Rxe6 fxe6 32. Qxe6+ Kh8 33. Nxd5 Rc6 34. Qf5 Na4 35. Nb4 Nxb2 36. Bxc6 Qb8 37. Bxa8 Nxd1 38. Be4 Qg8 39. Nd5 g6 40. Qd7 Nxc3 41. Nf6 1-0

[Event "American Continental (Women) 06th"]
[Site "Duran"]
[Date "2011.06.18"]
[Round "8"]
[White "Plazaola, Maria de los Angele"]
[Black "Salazar, Aura Cristina"]
[Result "0-1"]
[WhiteElo "2181"]
[BlackElo "2194"]
[PlyCount "54"]
[EventDate "2011.06.12"]
[EventType "swiss"]
[EventRounds "11"]
[EventCountry "ECU"]
[SourceTitle "EXT 2012"]
[Source "ChessBase"]
[SourceDate "2011.11.24"]
[SourceVersion "1"]
[SourceVersionDate "2011.11.24"]
[SourceQuality "1"]

1. e4 c5 2. c3 Nf6 3. e5 Nd5 4. Nf3 e6 5. Bb5 a6 6. Ba4 b5 7. Bc2 d6 8. 0-0 dxe5 9. Nxe5 Bd6 10. d4 0-0 11. Nd2 cxd4 12. cxd4 Nd7 13. Re1 Bb7 14. Ne4 Nxe5 15. dxe5 Bb4 16. Bg5 Qc7 17. Nf6+ Nxf6 18. Bxf6 Bxe1 19. Rc1 Bxf2+ 20. Kh1 g6 21. Qe2 Qc6 22. Qxf2 Qxg2+ 23. Qxg2 Bxg2+ 24. Kxg2 Rfc8 25. Bg5 Rc4 26. Bd3 Rxc1 27. Bxc1 Rd8 0-1

[Event "American Continental (Women) 06th"]
[Site "Duran"]
[Date "2011.06.13"]
[Round "2"]
[White "Plazaola, Maria de los Angele"]
[Black "Romero Echeverria, Abigail"]
[Result "0-1"]
[WhiteElo "2181"]
[BlackElo "2062"]
[PlyCount "104"]
[EventDate "2011.06.12"]
[EventType "swiss"]
[EventRounds "11"]
[EventCountry "ECU"]
[SourceTitle "EXT 2012"]
[Source "ChessBase"]
[SourceDate "2011.11.24"]
[SourceVersion "1"]
[SourceVersionDate "2011.11.24"]
[SourceQuality "1"]

1. e4 c5 2. Nf3 e6 3. d4 cxd4 4. Nxd4 a6 5. Nc3 Qc7 6. Bd3 b5 7. 0-0 Bb7 8. a4 b4 9. Na2 Nf6 10. Qe2 Nc6 11. Nf3 Bd6 12. Re1 Ng4 13. h3 Nge5 14. Nxe5 Bxe5 15. Bd2 0-0 16. c3 bxc3 17. Nxc3 d6 18. Rec1 Qe7 19. a5 Bd4 20. Be3 Qf6 21. Na4 Nxa5 22. Rc7 Rac8 23. Rac1 Rxc7 24. Rxc7 Bc6 25. Qc2 Bxe3 26. fxe3 Qg5 27. b3 Qxe3+ 28. Kh1 Bb5 29. Rc3 Qe1+ 30. Kh2 f5 31. Nb6 Bxd3 32. Rxd3 Qxe4 33. Qd2 Nb7 34. Rg3 Rf7 35. Qc3 g6 36. Qc8+ Kg7 37. Nd7 e5 38. Rc3 Qf4+ 39. Kh1 Nc5 40. Nxc5 dxc5 41. Rxc5 Qf1+ 42. Kh2 e4 43. Qb8 Qa1 44. Rc8 Qf6 45. Re8 Re7 46. Rg8+ Kh6 47. Qf4+ g5 48. Qf2 Qe5+ 49. Kg1 Rd7 50. Qe2 Rd3 51. Qc2 Qd4+ 52. Kh2 Qd6+ 0-1

[Event "American Continental (Women) 06th"]
[Site "Duran"]
[Date "2011.06.12"]
[Round "1"]
[White "Mendoza Velazquez, Lorena Alejandra"]
[Black "Plazaola, Maria de los Angele"]
[Result "1/2-1/2"]
[WhiteElo "2033"]
[BlackElo "2181"]
[PlyCount "93"]
[EventDate "2011.06.12"]
[EventType "swiss"]
[EventRounds "11"]
[EventCountry "ECU"]
[SourceTitle "EXT 2012"]
[Source "ChessBase"]
[SourceDate "2011.11.24"]
[SourceVersion "1"]
[SourceVersionDate "2011.11.24"]
[SourceQuality "1"]

1. d4 Nf6 2. Nf3 c5 3. c3 e6 4. Bf4 d5 5. e3 Nc6 6. Bd3 Qb6 7. Qc1 Be7 8. h3 Bd7 9. Nbd2 0-0 10. 0-0 a5 11. Rb1 c4 12. Bc2 Qa6 13. Ne5 Nxe5 14. dxe5 Nh5 15. Bh2 g6 16. g4 Ng7 17. f4 b5 18. Nf3 b4 19. Bg3 Rab8 20. Nd4 Bc5 21. Qd2 b3 22. axb3 cxb3 23. Bd3 Qb6 24. Kg2 Bxd4 25. exd4 Bb5 26. Bxb5 Qxb5 27. Bh4 Rfc8 28. Bf6 a4 29. Bxg7 Kxg7 30. Ra1 Ra8 31. Ra3 Rh8 32. Rf2 h5 33. g5 Rhc8 34. Rf1 Rc4 35. Re1 Rac8 36. Raa1 Qb6 37. Kh1 Ra8 38. Ra3 Qc7 39. Kg2 Qe7 40. Rea1 Ra7 41. Kf3 Kf8 42. Kg2 Qd7 43. Rc1 Qc7 44. Kf2 Qa5 45. Qd1 Qb5 46. Qd2 Rac7 47. Rca1 1/2-1/2

[Event "Olympiad Women-39"]
[Site "Khanty-Mansiysk"]
[Date "2010.09.22"]
[Round "2.21"]
[White "Plazaola, Maria de los Angele"]
[Black "Homiakova, Elena"]
[Result "1-0"]
[WhiteElo "2203"]
[BlackElo "2156"]
[PlyCount "63"]
[EventDate "2010.09.21"]
[EventType "team-swiss"]
[EventRounds "11"]
[EventCountry "RUS"]
[SourceTitle "CBM 139"]
[Source "ChessBase"]
[SourceDate "2010.11.18"]
[SourceVersion "1"]
[SourceVersionDate "2010.11.18"]
[SourceQuality "1"]
[WhiteTeam "Argentina (W)"]
[BlackTeam "Belarus (W)"]
[WhiteTeamCountry "ARG"]
[BlackTeamCountry "BLR"]

1. e4 c5 2. Nf3 Nc6 3. c3 d5 4. exd5 Qxd5 5. d4 Bg4 6. Be3 cxd4 7. cxd4 Bxf3 8. gxf3 e6 9. Nc3 Qd6 10. Qa4 Qb4 11. Bb5 Qxa4 12. Bxa4 Nf6 13. Rc1 Bb4 14. 0-0 0-0 15. Ne4 Rac8 16. Rc4 Nd5 17. Bxc6 bxc6 18. a3 Be7 19. Rfc1 f5 20. Nc5 Rf6 21. Kf1 Nb6 22. R4c2 Rd8 23. Bf4 Rd5 24. Be5 Rh6 25. Nd3 Nd7 26. Rxc6 Nxe5 27. Rc8+ Kf7 28. Nxe5+ Kf6 29. R1c7 Rxh2 30. f4 g6 31. Rf8+ Kg7 32. Rf7+ 1-0

[Event "Buenos Aires Diez Reinas (Women)"]
[Site "Buenos Aires"]
[Date "2010.08.19"]
[Round "1"]
[White "Plazaola, Maria de los Angele"]
[Black "Fernandez, Maria Florencia"]
[Result "1-0"]
[WhiteElo "2185"]
[BlackElo "2106"]
[PlyCount "91"]
[EventDate "2010.08.19"]
[EventType "tourn"]
[EventRounds "9"]
[EventCountry "ARG"]
[SourceTitle "CBM 138 Extra"]
[Source "ChessBase"]
[SourceDate "2010.10.29"]
[SourceVersion "1"]
[SourceVersionDate "2010.10.29"]
[SourceQuality "1"]

1. e4 c5 2. c3 d5 3. exd5 Qxd5 4. d4 Nf6 5. Nf3 Bg4 6. Nbd2 cxd4 7. Bc4 Qd6 8. Qb3 Be6 9. Qxb7 Bd5 10. Qc8+ Qd8 11. Qxd8+ Kxd8 12. Bxd5 Nxd5 13. Nxd4 e5 14. N4f3 f6 15. 0-0 Nf4 16. Rd1 Kc7 17. Nc4 Ne2+ 18. Kf1 Nxc1 19. Raxc1 Nc6 20. Ne3 Bc5 21. Nd5+ Kb7 22. b4 Bb6 23. a4 Rad8 24. c4 Nd4 25. a5 Nxf3 26. axb6 Nd4 27. bxa7 Kxa7 28. Rd3 Kb7 29. b5 Rhe8 30. Rg3 Ne6 31. h4 Rf8 32. Ke1 f5 33. Nb4 f4 34. Ra3 Nc5 35. Rca1 Ra8 36. Rxa8 Rxa8 37. Rxa8 Kxa8 38. Ke2 e4 39. Nd5 Ne6 40. Nc3 Nd4+ 41. Kd2 Nf5 42. Nxe4 Nxh4 43. c5 Nf5 44. Kd3 h5 45. Nd6 f3 46. g3 1-0

[Event "Asuncion zt 2.5 (Women)"]
[Site "Asuncion"]
[Date "2009.06.18"]
[Round "11"]
[White "Vargas, Gabriela"]
[Black "Plazaola, Maria de los Angele"]
[Result "0-1"]
[WhiteElo "2090"]
[BlackElo "2160"]
[PlyCount "69"]
[EventDate "2009.06.10"]
[EventType "tourn"]
[EventRounds "11"]
[EventCountry "PAR"]
[SourceTitle "CBM 130 Extra"]
[Source "ChessBase"]
[SourceDate "2009.07.02"]
[SourceVersion "2"]
[SourceVersionDate "2009.07.15"]
[SourceQuality "1"]

1. d4 Nf6 2. c4 c5 3. d5 g6 4. Nc3 Bg7 5. e4 d6 6. Be2 0-0 7. Nf3 e6 8. 0-0 exd5 9. cxd5 a6 10. a4 Bg4 11. Nd2 Bxe2 12. Qxe2 Qe7 13. Nc4 Nbd7 14. Bf4 Ne8 15. Bg3 b6 16. f4 Rb8 17. e5 b5 18. axb5 axb5 19. Nxd6 Nxd6 20. exd6 Qxe2 21. Nxe2 Bxb2 22. Ra7 Rfd8 23. f5 Be5 24. fxg6 hxg6 25. Rxd7 Rxd7 26. Bxe5 Re8 27. Nc3 Rxe5 28. Nxb5 Rxd5 29. Rc1 Rb7 30. Nc7 Rxd6 31. Rxc5 Rd1+ 32. Kf2 Rd2+ 33. Kf3 Rb3+ 34. Kf4 Rxg2 35. Ne8 0-1

[Event "Asuncion zt 2.5 (Women)"]
[Site "Asuncion"]
[Date "2009.06.11"]
[Round "2"]
[White "Lujan, Carolina"]
[Black "Plazaola, Maria de los Angele"]
[Result "1/2-1/2"]
[WhiteElo "2324"]
[BlackElo "2160"]
[PlyCount "78"]
[EventDate "2009.06.10"]
[EventType "tourn"]
[EventRounds "11"]
[EventCountry "PAR"]
[SourceTitle "CBM 130 Extra"]
[Source "ChessBase"]
[SourceDate "2009.07.02"]
[SourceVersion "2"]
[SourceVersionDate "2009.07.15"]
[SourceQuality "1"]

1. e4 c5 2. Nf3 Nc6 3. Nc3 e5 4. Bc4 Be7 5. d3 Nf6 6. 0-0 0-0 7. a3 d6 8. h3 h6 9. Nd5 Be6 10. c3 Rc8 11. Nxf6+ Bxf6 12. Bxe6 fxe6 13. b4 b6 14. b5 Ne7 15. c4 Ng6 16. g3 Qd7 17. h4 Qf7 18. h5 Nh8 19. Nh2 Qe7 20. Qg4 Nf7 21. Ra2 Rcd8 22. Be3 d5 23. a4 Bg5 24. f4 Bf6 25. Qe2 dxc4 26. dxc4 exf4 27. gxf4 Bd4 28. Nf3 e5 29. Bxd4 cxd4 30. f5 Ng5 31. Kh2 Nxf3+ 32. Rxf3 Qh4+ 33. Rh3 Qf4+ 34. Kg2 Rf6 35. a5 Rfd6 36. Qd3 Qg4+ 37. Kh2 Qf4+ 38. Kg2 Qg4+ 39. Kh2 Qf4+ 1/2-1/2

[Event "Olympiad Women-38"]
[Site "Dresden"]
[Date "2008.11.23"]
[Round "10"]
[White "Plazaola, Maria de los Angele"]
[Black "Dang, Bich Ngoc"]
[Result "1-0"]
[WhiteElo "2126"]
[BlackElo "2186"]
[PlyCount "119"]
[EventDate "2008.11.13"]
[EventType "team-swiss"]
[EventRounds "11"]
[EventCountry "GER"]
[SourceTitle "CBM 128"]
[Source "ChessBase"]
[SourceDate "2009.01.28"]
[SourceVersion "1"]
[SourceVersionDate "2009.01.28"]
[SourceQuality "1"]
[WhiteTeam "Argentina (W)"]
[BlackTeam "Vietnam (W)"]
[WhiteTeamCountry "ARG"]
[BlackTeamCountry "VIE"]

1. e4 c5 2. Nf3 b6 3. d4 cxd4 4. Nxd4 Bb7 5. Nc3 a6 6. Bf4 d6 7. Bg3 b5 8. a3 Nf6 9. Bd3 g6 10. 0-0 Bg7 11. Nde2 Qb6 12. Kh1 0-0 13. f4 Nbd7 14. Bh4 Rae8 15. Bf2 Qc7 16. Ng3 Qb8 17. Be2 Qa8 18. Bf3 Rc8 19. Qe2 h5 20. Rfe1 Bh6 21. e5 Bxf3 22. Qxf3 Qxf3 23. gxf3 Ne8 24. Nge4 e6 25. exd6 Bxf4 26. Bh4 Ng7 27. Rad1 Nf5 28. Bf2 Rfd8 29. Ne2 Be5 30. c3 Rc6 31. Rd2 Nb6 32. Bxb6 Rxb6 33. d7 Kf8 34. Nc1 Bf4 35. Rd3 Ke7 36. Nc5 Bd6 37. N1b3 Rc6 38. Ne4 Rxd7 39. Red1 Rdc7 40. Na5 Rb6 41. b4 Bf4 42. Nc5 Rd6 43. Nab7 Rxd3 44. Rxd3 Be3 45. Kg2 a5 46. Kf1 a4 47. Kg2 Bc1 48. Na5 Bxa3 49. Na6 Rd7 50. Nc6+ Kf8 51. Rxd7 Bb2 52. Nc5 Bxc3 53. Ra7 Ne3+ 54. Kf2 Nc2 55. Ra5 a3 56. Nb3 Bb2 57. Ke2 e5 58. Kd2 Nd4 59. Ncxd4 exd4 60. Kd3 1-0

[Event "Buenos Aires-ch (Women)"]
[Site "Buenos Aires"]
[Date "2008.10.03"]
[Round "8"]
[White "Fernandez, Maria Florencia"]
[Black "Plazaola, Maria de los Angele"]
[Result "0-1"]
[WhiteElo "2096"]
[BlackElo "2086"]
[PlyCount "104"]
[EventDate "2008.09.27"]
[EventType "swiss"]
[EventRounds "9"]
[EventCountry "ARG"]
[SourceTitle "CBM 126 Extra"]
[Source "ChessBase"]
[SourceDate "2008.11.05"]
[SourceVersion "1"]
[SourceVersionDate "2008.11.05"]
[SourceQuality "1"]

1. d4 Nf6 2. c4 c5 3. d5 e6 4. Nc3 exd5 5. cxd5 d6 6. e4 g6 7. Be2 Bg7 8. Nf3 0-0 9. 0-0 Re8 10. Nd2 a6 11. a4 Nbd7 12. f3 b6 13. Nc4 Ne5 14. Rb1 Qc7 15. Be3 Nxc4 16. Bxc4 Nd7 17. Qd2 Ne5 18. b3 Rb8 19. Rfc1 Qd7 20. Bf1 b5 21. axb5 axb5 22. b4 c4 23. Ra1 Re7 24. Ra5 Qe8 25. Rc2 f5 26. Rca2 Rf7 27. Bd4 f4 28. Ra7 Bd7 29. R2a6 Qe7 30. Ra5 Qf6 31. Ne2 Qg5 32. Bxe5 Qxe5 33. Rc7 g5 34. Raa7 Be8 35. g3 Rxc7 36. Rxc7 Bf6 37. Bh3 Bf7 38. Bf5 Bd8 39. Rd7 h6 40. Be6 Bb6+ 41. Kg2 Rf8 42. Rb7 Be3 43. Qc2 Bxe6 44. dxe6 Qxe6 45. Rxb5 g4 46. Nxf4 gxf3+ 47. Kf1 Rxf4 48. Rb8+ Rf8 49. Rxf8+ Kxf8 50. Qd1 Qh3+ 51. Ke1 f2+ 52. Ke2 f1Q+ 0-1

[Event "Buenos Aires-ch (Women)"]
[Site "Buenos Aires"]
[Date "2008.09.29"]
[Round "4"]
[White "Plazaola, Maria de los Angele"]
[Black "Zuriel, Marisa"]
[Result "1-0"]
[WhiteElo "2086"]
[BlackElo "2231"]
[PlyCount "116"]
[EventDate "2008.09.27"]
[EventType "swiss"]
[EventRounds "9"]
[EventCountry "ARG"]
[SourceTitle "CBM 126 Extra"]
[Source "ChessBase"]
[SourceDate "2008.11.05"]
[SourceVersion "1"]
[SourceVersionDate "2008.11.05"]
[SourceQuality "1"]

1. e4 c5 2. Nf3 Nc6 3. d4 cxd4 4. Nxd4 g6 5. Nc3 Bg7 6. Be3 Nf6 7. Bc4 Qa5 8. 0-0 0-0 9. h3 d6 10. Qd2 Nxd4 11. Qxd4 Ng4 12. Qd5 Bxc3 13. hxg4 Be6 14. Qxa5 Bxa5 15. Bxe6 fxe6 16. Rad1 Rac8 17. c3 a6 18. Rd3 Rc4 19. f3 b5 20. a3 Rb8 21. Rfd1 Bb6 22. Bxb6 Rxb6 23. Kf2 Kg7 24. Ke3 a5 25. Ra1 Rb7 26. Kd2 Kf6 27. b3 Rc8 28. Rh1 Rh8 29. f4 Kg7 30. Rdh3 Rbb8 31. g5 Rbf8 32. Ke3 Rc8 33. Kd4 Rc5 34. g3 Rc7 35. Rh6 Rc5 36. R1h2 Rc7 37. Kd3 Rc6 38. g4 Rc5 39. Rh1 d5 40. Kd4 Rc7 41. exd5 exd5 42. f5 b4 43. axb4 axb4 44. cxb4 Rb7 45. Ke5 Rxb4 46. f6+ exf6+ 47. gxf6+ Kg8 48. Ra1 Re4+ 49. Kxd5 Re8 50. Ra7 Rb8 51. g5 Kf8 52. b4 Rxb4 53. Ra8+ Kf7 54. Rxh8 Rb5+ 55. Kc6 Rxg5 56. R6xh7+ Kxf6 57. Rf8+ Ke5 58. Re7+ Kd4 1-0

[Event "Berazategui Cup 3rd"]
[Site "Berazategui"]
[Date "2008.05.03"]
[Round "4"]
[White "Plazaola, Maria de los Angele"]
[Black "Contin, Daniel"]
[Result "1-0"]
[WhiteElo "2075"]
[BlackElo "2303"]
[PlyCount "91"]
[EventDate "2008.05.01"]
[EventType "swiss"]
[EventRounds "9"]
[EventCountry "ARG"]
[SourceTitle "CBM 124 Extra"]
[Source "ChessBase"]
[SourceDate "2008.07.03"]
[SourceVersion "1"]
[SourceVersionDate "2008.07.03"]
[SourceQuality "1"]

1. e4 c5 2. Nf3 d6 3. d4 cxd4 4. Nxd4 Nf6 5. Nc3 a6 6. Bc4 e6 7. Bb3 Nbd7 8. 0-0 Nc5 9. Qe2 Be7 10. Kh1 0-0 11. f4 Qc7 12. f5 b5 13. a3 Nxb3 14. cxb3 e5 15. Nc2 h6 16. Ne3 Bb7 17. Ng4 Rfd8 18. Be3 d5 19. exd5 Bxd5 20. Rac1 Qb7 21. Nxf6+ Bxf6 22. Qg4 Kh7 23. Nxd5 Qxd5 24. Rf3 Rac8 25. Rg1 Qxb3 26. Bxh6 Qc4 27. Qh5 Rh8 28. Rc3 Qh4 29. Qxf7 Rcf8 30. Qb7 Rb8 31. Qxa6 Qg4 32. Bxg7 Qxg7 33. Rgc1 Rbd8 34. Qe6 Rd4 35. Rc7 Rhd8 36. Rxg7+ Bxg7 37. Qg6+ Kh8 38. Rf1 R4d6 39. Qh5+ Kg8 40. h3 e4 41. Qe2 Re8 42. Qxb5 Rf8 43. Qb4 Rfd8 44. f6 Bh6 45. Qxe4 R8d7 46. Qg6+ 1-0

[Event "American Continental (Women) 04th"]
[Site "San Luis"]
[Date "2007.09.06"]
[Round "10.5"]
[White "Plazaola, Maria de los Angele"]
[Black "Nejanky, Maisa"]
[Result "1/2-1/2"]
[WhiteElo "2061"]
[BlackElo "2068"]
[PlyCount "147"]
[EventDate "2007.08.28"]
[EventType "swiss"]
[EventRounds "11"]
[EventCountry "ARG"]
[SourceTitle "EXT 2023"]
[Source "ChessBase"]
[SourceDate "2022.10.05"]
[SourceVersion "1"]
[SourceVersionDate "2022.10.05"]
[SourceQuality "1"]

1. e4 c5 2. Nf3 d6 3. d4 Nf6 4. Nc3 cxd4 5. Nxd4 g6 6. Bg5 Bg7 7. Bb5+ Bd7 8. Qe2 Nc6 9. 0-0-0 0-0 10. Bxc6 bxc6 11. e5 dxe5 12. Nxc6 Qe8 13. Nxe5 Be6 14. Rd2 Rc8 15. f4 Rxc3 16. bxc3 Qa4 17. Rd4 Qa3+ 18. Kd2 Nd5 19. Qd3 h6 20. Rxd5 Bxd5 21. Qxd5 hxg5 22. Rb1 e6 23. Qc4 Rd8+ 24. Nd3 Qe7 25. Ke2 gxf4 26. Qxf4 Bxc3 27. Qf3 Qg5 28. Rb7 Qd2+ 29. Kf1 Rf8 30. Qe2 Qh6 31. h3 Qg5 32. Qf3 Qa5 33. Nf4 Qa6+ 34. Ne2 Bd4 35. Rd7 Bb6 36. Qb3 Qc8 37. Rd3 Qc5 38. Rf3 Rd8 39. c3 Qd6 40. Nd4 Bxd4 41. cxd4 Qxd4 42. Qe3 Qa1+ 43. Kf2 Qxa2+ 44. Kg3 Rd2 45. Qe4 Rxg2+ 46. Kh4 Qd5 47. Qxd5 exd5 48. Rb3 Rc2 49. Kg5 Kg7 50. Ra3 Rc7 51. Kf4 Rd7 52. Ke3 d4+ 53. Kd2 Kf6 54. Ra5 Ke6 55. Kd3 f5 56. Ra6+ Kf7 57. Ra5 Kf6 58. h4 Rh7 59. Ra6+ Ke5 60. Rxg6 Rxh4 61. Ra6 Rh3+ 62. Kd2 Ke4 63. Rxa7 Rh2+ 64. Kd1 Ke3 65. Re7+ Kd3 66. Ke1 f4 67. Ra7 f3 68. Ra8 f2+ 69. Kf1 Kd2 70. Ra2+ Ke3 71. Ra3+ Ke4 72. Ra8 Kd3 73. Ra3+ Kd2 74. Rd3+ 1/2-1/2